00948nam a2200229 a 450000500170000000800410001702000180005805000240007610000190010024501650011926000510028430000270033550000500036252100080041265000130042065000410043365000490047470000240052394200170054799900170056495201370058120140310183407.0121018s19uu xx 00 eng d a9780807748770 aQ 180.A1b.C74 2008 aTaraban, Roman aCreating effective undergraduate research programs in science :bthe transformation from student to scientist /cedited by Roman Taraban and Richard L. Blanton. aNew York, NY :bTeachers College Press,c2008. aviii, 256 p. :c23 cm. aIncludes bibliographical references and index aEDU aResearch aSciencexStudy and teaching (Higher) aUndergraduate Research Opportunities Program aBlanton, Richard L. cBK2lcckFOR c22434d22434 00102lcc40aCLbCLcGCd2012-10-18eDONATIONl1m2oQ 180.A1 .C74 2008pC16416r2018-09-04 00:00:00s2018-08-09t1w2014-03-10yBK